US Vice Presidents That Did Not Become Presidents - Statistics

General Stats
  • This quiz has been taken 31 times
  • The average score is 20 of 34
Answer Stats
Year Number Answer % Correct
2017 - 2021 48 Mike Pence
100%
Incumbent 49 Kamala Harris
97%
1993 - 2001 45 Al Gore
93%
2001 - 2009 46 Dick Cheney
90%
1989 - 1993 44 Dan Quayle
87%
1969 - 1973 39 Spiro Agnew
83%
1977 - 1981 42 Walter Mondale
80%
1801 - 1805 3 Aaron Burr
77%
1965 - 1969 38 Hubert Humphrey
73%
1974 - 1977 41 Nelson Rockefeller
73%
1805 - 1812 4 George Clinton
67%
1837 - 1841 9 Richard Mentor Johnson
67%
1893 - 1897 23 Adlai Stevenson I
63%
1941 - 1945 33 Henry A. Wallace
60%
1825 - 1832 7 John C. Calhoun
60%
1873 - 1875 18 Henry Wilson
57%
1861 - 1865 15 Hannibal Hamlin
53%
1913 - 1921 28 Thomas R. Marshall
53%
1925 - 1929 30 Charles G. Dawes
50%
1949 - 1953 35 Alben W. Barkley
47%
1929 - 1933 31 Charles Curtis
47%
1813 - 1814 5 Elbridge Gerry
47%
1933 - 1941 32 John Nance Garner
47%
1869 - 1873 17 Schuyler Colfax
47%
1853 13 William R. King
47%
1905 - 1909 26 Charles W. Fairbanks
43%
1817 - 1825 6 Daniel D. Tompkins
43%
1897 - 1899 24 Garret Hobart
43%
1909 - 1912 27 James S. Sherman
43%
1857 - 1861 14 John C. Breckinridge
43%
1889 - 1893 22 Levi P. Morton
43%
1845 - 1849 11 George M. Dallas
40%
1885 21 Thomas A. Hendricks
40%
1877 - 1881 19 William A. Wheeler
40%
No matching quizzes found
Score Distribution
Percent of People with Each Score
Percentile by Number Answered
Your Score History
You have not taken this quiz